| 000 | 00688nam a2200217Ia 4500 | ||
|---|---|---|---|
| 005 | 20241129104301.0 | ||
| 008 | 241129s9999||||xx |||||||||||||| ||und|| | ||
| 020 | _a9780691186610 | ||
| 037 | _aTextual | ||
| 040 |
_aRTL _beng _cRTL |
||
| 041 |
_aeng _2eng |
||
| 084 |
_aY73(Q7).49G R0 _qRTL |
||
| 100 |
_aLouer Laurence _9687638 |
||
| 245 | 0 |
_aSunnis and Shi'A: A political history of discord. Translated by Ethan Rundell _cLouer Laurence |
|
| 260 |
_aNew Jersey _bPrinceton University Press _c2017 |
||
| 300 | _aviii,217p. | ||
| 365 |
_aINR _bRs. 1987.13 |
||
| 650 |
_aShia Sunni Relations _9725609 |
||
| 942 |
_cTB _hY73(Q7).49G R0 |
||
| 999 |
_c1225218 _d1225218 |
||